Statistics for Moscow (SVO) International Destinations

Click here to take the quiz!

General Stats

  • This quiz has been taken 19 times
  • The average score is 30 of 57

Answer Stats

CountryDestination% Correct
AlgeriaAlgiers
100%
AzerbaijanBaku
100%
ChinaBeijing
100%
AfghanistanKabul
100%
BelarusMinsk
94%
ArmeniaYerevan
94%
ChinaShanghai
89%
KazakhstanAstana
78%
SerbiaBelgrade
78%
EgyptCairo
78%
SyriaDamascus
78%
IndiaDelhi
78%
QatarDoha
78%
MaldivesMale
78%
OmanMuscat
78%
UzbekistanTashkent
78%
IranTehran
78%
ThailandBangkok
72%
ChinaChengdu
72%
Sri LankaColombo
72%
TurkeyIstanbul
72%
United Arab EmiratesAbu Dhabi
67%
KazakhstanAlmaty
67%
United Arab EmiratesDubai
67%
ChinaGuangzhou
67%
TurkeyIzmir
67%
ThailandPhuket
67%
TurkeyAntalya
61%
KyrgyzstanBishkek
61%
ChinaXian
61%
ChinaChongqing
50%
EgyptHurghada
44%
ChinaQingdao
44%
EgyptSharm El Sheikh
44%
SeychellesSeychelles
39%
CubaVaradero
39%
KyrgyzstanOsh
33%
UzbekistanSamarkand
33%
ChinaZhengzhou
33%
TurkeyBodrum
28%
IndiaGoa
28%
ThailandKrabi
28%
KazakhstanAtyrau
22%
UzbekistanBukhara
22%
UzbekistanFergana
22%
AzerbaijanGanja
22%
ChinaHaikou
22%
KazakhstanAktobe
17%
CubaCayo-Coco
17%
TurkeyDalaman
17%
KyrgyzstanIssyk-Kul
17%
KazakhstanKaraganda
17%
AfghanistanMazar-i-Sharif
17%
VenezuelaPorlamar
17%
UzbekistanUrgench
17%
TajikistanBokhtar
11%
KazakhstanKostanay
11%

Score Distribution

Percentile by Number Answered

Percent of People with Each Score

Your Score History

You have not taken this quiz